Statistiques concernant Pays d'Europe en 1444

Cliquez ici pour prendre le quiz!

Statistiques générales

  • Ce quiz a été pris 14 641 fois
  • Le résultat moyen est 21 sur 88

Réponses sur la Carte

Les réponses sont colorées sur une échelle allant du rouge au vert en fonction du pourcentage des utilisateurs qui les ont devinées à leur premier essai. Vous pouvez retrouver ces pourcentages ci-dessous.
 

Statistiques - réponses

Pays% Correct
Angleterre
87%
France
85%
Portugal
85%
Norvège
84%
Suède
84%
Écosse
77%
Danemark
74%
Bretagne
73%
Pologne
60%
États Pontificaux
56%
Empire Ottoman
54%
Saint-Empire
54%
Hongrie
52%
Croatie
49%
Castille
46%
Serbie
46%
Venise
46%
Bourgogne
44%
Albanie
42%
Bosnie
41%
Naples
41%
Lithuanie
40%
Andorre
38%
Aragon
37%
Saint-Marin
36%
Navarre
34%
Moscovie
32%
Flandres
31%
Byzance
30%
Moldavie
30%
Crimée
29%
Provence
29%
Grenade
22%
Gênes
21%
Athènes
20%
Auvergne
19%
Îles
18%
Riga
18%
Novgorod
16%
Ordre Teutonique
16%
Orléans
16%
Ulster
16%
Valachie
16%
Munster
14%
Grande Horde
13%
Herzégovine
13%
Holstein
12%
Bologne
11%
Bourbonnais
11%
Foix
11%
Leinster
11%
Ordre de Livonie
11%
Kazan
10%
Raguse
10%
Connacht
9%
Nivernais
9%
Armagnac
8%
Épire
8%
Perm
8%
Mazovie
7%
Circassie
6%
Frise Orientale
6%
Pskov
6%
Riazan
6%
Rostov
6%
Théodoros
6%
Urbino
6%
Hospitaliers
5%
Nogaïs
5%
Tver
5%
Desmond
4%
Naxos
4%
Pérouse
4%
Sligo
4%
Avars
3%
Beloozero
3%
Gazikumukh
3%
Iaroslavl
3%
Kildare
3%
Odoïev
3%
Offaly
3%
Ormonde
3%
Thomond
3%
Tyrconnell
3%
Tyrone
3%
Cospaia
2%
Shirvân
2%
Senarica
1%

Distribution des résultats

Percentile par nombre de réponses

% des personnes avec chaque résultat

Votre développement - résultats

Vous n’avez pas pris ce quiz